Missing Word: Cozy Movies Quiz Stats

Quiz Updated Dec 3, 2015

Challenge
Share
Tweet
Embed
Score 0/18 Timer 03:00
0 Plays Today
Hint Word % Correct
Full Metal ______Jacket
97%
The Girl Who Kicked the Hornet's ____Nest
96.9%
The Hunt for Red _______October
96.6%
The Hand That Rocks the ______Cradle
93.2%
______ HollowSleepy
92.6%
The Long Walk ____Home
91.1%
The _____ House RulesCider
90.6%
The Boy in the Striped _______Pajamas
87.6%
The _____ in the WoodsCabin
81.4%
Hint Word % Correct
Duck ____Soup
75.1%
The _______ of the VanitiesBonfire
72.9%
Beach _______ BingoBlanket
69.5%
Fail ____Safe
64.1%
______ TalkPillow
57.4%
How to Make an American _____Quilt
51.4%
Blue is the _______ ColorWarmest
50.3%
___ and SympathyTea
44.3%
Cold _______ FarmComfort
32.1%

Today's Daily Dose

You're not logged in!

Compare scores with friends on all Sporcle quizzes.
Join for Free
OR
Log In

You Might Also Like...

Show Comments

Extras

Top Quizzes Today


Score Distribution

Your Account Isn't Verified!

In order to create a playlist on Sporcle, you need to verify the email address you used during registration. Go to your Sporcle Settings to finish the process.

Report this User

Report this user for behavior that violates our Community Guidelines.

Details: